00473nam a2200193 a 4500001001300000003000900013005001700022008004100039020001000080082002000090100002200110245002800132260002600160300000900186500003500195505001100230650001600241700002200257nice12345678IN_TiNIC20260116013209.0070906s1988 dela grp 000 0 eng  ac10000a305.420954bGHA aGhadially, Rehana aWomen in Indian Society aDelhibSage Pubc1988 a310p aincludes index and biblioraphy2 abiblio aWomen-India1 aGhadially, Rehana